| 000 | 00676nam a2200205Ia 4500 | ||
|---|---|---|---|
| 999 |
_c7942 _d7942 |
||
| 005 | 20230426095137.0 | ||
| 008 | 230425s9999 xx 000 0 und d | ||
| 020 | _a9683640613 | ||
| 040 |
_aUPAN _cBiblioteca San Vicente _eRCAA2 |
||
| 041 | _aspa | ||
| 082 |
_a340115 _bI59j |
||
| 110 |
_aInstituto de investigaciones juridicas. _4aut. |
||
| 245 | 0 |
_aJusticia y sociedad/ _cInstituto de Investigaciones Jurídicas |
|
| 250 | _a1° ed. | ||
| 260 |
_aMéxico: _bUNAM, _c1994 |
||
| 300 |
_a988 p.; _c23 cm. |
||
| 505 | _aI. Gobierno y administración de los tribunales II. El Ministerio Publico III. Simplificación procesal | ||
| 650 |
_2LEMB _xJusticia |
||
| 942 |
_cBK _2ddc |
||